| 000 | 01593cam a2200349Ia 4500 | ||
|---|---|---|---|
| 001 | rosiespriceguide00well | ||
| 003 | CaSfIA | ||
| 005 | 20210119075733.0 | ||
| 007 | cr|||| | ||
| 008 | 971111s1997 ilua c 001 0 eng d | ||
| 040 |
_aIDO _cIDO _dOCLCQ _dCaSfIA |
||
| 020 |
_a1886812195 (softcover) : _c$11.95 |
||
| 020 | _a9781886812192 (softcover) | ||
| 035 | _a(OCoLC)37920508 | ||
| 043 | _an-us--- | ||
| 082 | 0 | 4 |
_a688.724 _221 |
| 245 | 0 | 0 |
_aRosie's price guide for Ty's Beanie Babies / _h[electronic resource] _ceditor and collector, Rosie Wells. |
| 246 | 3 | _aBeanie Babies | |
| 260 |
_aCanton, IL : _bRosie Wells Enterprises, _cc1997. |
||
| 300 |
_a[x], 134 p. : _bcol. ill. ; _c22 cm. |
||
| 500 | _aIncludes index. | ||
| 500 | _a"The most complete, up-to-date guide on today's market"--Cover. | ||
| 610 | 2 | 0 |
_aTy, Inc. _xCollectibles _xPrices. |
| 650 | 0 |
_aStuffed animals (Toys) _zUnited States _xPrices. |
|
| 650 | 0 |
_aStuffed animals (Toys) _xCollectors and collecting _vCatalogs. |
|
| 700 | 1 | _aWells, Rosalie J. | |
| 856 | 4 | 1 |
_uhttp://www.archive.org/details/rosiespriceguide00well _zFree eBook from the Internet Archive |
| 856 | 4 | 2 |
_uhttp://www.openlibrary.org/books/OL9642317M _zAdditional information and access via Open Library |
| 942 | _cEB | ||
| 506 | _fНеобхідна авторизація на https://archive.org/ (створення облікового запису безкоштовно) | ||
| 506 | _fНеобхідна авторизація на https://openlibrary.org/ (створення облікового запису безкоштовно) | ||
| 999 |
_c544789 _d544789 |
||